| 000 -LEADER |
| fixed length control field |
01402mam a2200373 a 4500 |
| 001 - CONTROL NUMBER |
| control field |
3078776 |
| 003 - CONTROL NUMBER IDENTIFIER |
| control field |
Nust |
| 005 - DATE AND TIME OF LATEST TRANSACTION |
| control field |
20170105095814.0 |
| 008 - FIXED-LENGTH DATA ELEMENTS--GENERAL INFORMATION |
| fixed length control field |
000323s1998 dcua b 001 0 eng d |
| 020 ## - INTERNATIONAL STANDARD BOOK NUMBER |
| International Standard Book Number |
0875530478 |
| 035 ## - SYSTEM CONTROL NUMBER |
| System control number |
(OCoLC)40733179 |
| 035 ## - SYSTEM CONTROL NUMBER |
| System control number |
(OCoLC)ocm40733179 |
| 035 ## - SYSTEM CONTROL NUMBER |
| System control number |
(NNC)3078776 |
| 040 ## - CATALOGING SOURCE |
| Original cataloging agency |
UaCaAUL |
| Modifying agency |
UaCaAUL |
| -- |
NNC |
| Transcribing agency |
NUST |
| 090 ## - LOCALLY ASSIGNED LC-TYPE CALL NUMBER (OCLC); LOCAL CALL NUMBER (RLIN) |
| Classification number (OCLC) (R) ; Classification number, CALL (RLIN) (NR) |
TD380 |
| Local cutter number (OCLC) ; Book number/undivided call number, CALL (RLIN) |
.S8 1998 |
| 245 10 - TITLE STATEMENT |
| Title |
Standard methods for the examination of water and wastewater / |
| Statement of responsibility, etc. |
prepared and published jointly by American Public Health Association, American Water Works Association, Water Environment Federation ; joint editorial board, Lenore S. Clesceri, Arnold E. Greenberg, Andrew D. Eaton ; managing editor, Mary Ann H. Franson. |
| 250 ## - EDITION STATEMENT |
| Edition statement |
21th ed. |
| 260 ## - PUBLICATION, DISTRIBUTION, ETC. |
| Place of publication, distribution, etc. |
Washington, DC : |
| Name of publisher, distributor, etc. |
American Public Health Association, |
| Date of publication, distribution, etc. |
c2005 |
| 300 ## - PHYSICAL DESCRIPTION |
| Extent |
1 v. (various pagings) : |
| Other physical details |
ill. ; |
| Dimensions |
29 cm. |
| 504 ## - BIBLIOGRAPHY, ETC. NOTE |
| Bibliography, etc. note |
Includes bibliographical references and index. |
| 650 #0 - SUBJECT ADDED ENTRY--TOPICAL TERM |
| Topical term or geographic name entry element |
Water |
| General subdivision |
Analysis. |
| 650 #0 - SUBJECT ADDED ENTRY--TOPICAL TERM |
| Topical term or geographic name entry element |
Sewage |
| General subdivision |
Analysis. |
| 650 #0 - SUBJECT ADDED ENTRY--TOPICAL TERM |
| Topical term or geographic name entry element |
Water |
| General subdivision |
Microbiology. |
| 650 #0 - SUBJECT ADDED ENTRY--TOPICAL TERM |
| Topical term or geographic name entry element |
Water |
| General subdivision |
Pollution. |
| 700 1# - ADDED ENTRY--PERSONAL NAME |
| Personal name |
Clesceri, Lenore S. |
| 700 1# - ADDED ENTRY--PERSONAL NAME |
| Personal name |
Eaton, Andrew D. |
| 700 1# - ADDED ENTRY--PERSONAL NAME |
| Personal name |
Greenberg, Arnold E. |
| 700 1# - ADDED ENTRY--PERSONAL NAME |
| Personal name |
Franson, M. A. H. |
| 710 2# - ADDED ENTRY--CORPORATE NAME |
| Corporate name or jurisdiction name as entry element |
American Public Health Association. |
| 710 2# - ADDED ENTRY--CORPORATE NAME |
| Corporate name or jurisdiction name as entry element |
American Water Works Association. |
| 710 2# - ADDED ENTRY--CORPORATE NAME |
| Corporate name or jurisdiction name as entry element |
Water Environment Federation. |
| 942 ## - ADDED ENTRY ELEMENTS (KOHA) |
| Source of classification or shelving scheme |
|
| Koha item type |
Book |